[Event "33rd Leon Blitz Open 2020"]
[Site "chess.com INT"]
[Date "2020.07.14"]
[Round "1"]
[White "Sahil, Tickoo"]
[Black "Bartel, Mateusz"]
[Result "1-0"]
[BlackTitle "GM"]
[WhiteElo "2245"]
[BlackElo "2648"]
[WhiteFideId "5019710"]
[BlackFideId "1112635"]
[EventDate "2020.07.14"]
[EventType "blitz"]

1. d4 Nf6 2. Bf4 g6 3. Nc3 d5 4. e3 c6 5. Nf3 Bg7 6. Ne5 Nbd7 7. h4 h5 8. Bd3
Nf8 9. Qe2 Bf5 10. Bxf5 gxf5 11. Nd3 Ng6 12. O-O-O Ne4 13. Nb1 e6 14. Rh3 Qa5
15. f3 Nf6 16. a3 Nd7 17. Rg3 c5 18. Nxc5 Nxc5 19. b4 Nxf4 20. exf4 Qc7 21. Rxg7
Qxf4+ 22. Kb2 Nd7 23. Nc3 Kf8 24. Rg5 Qxh4 25. f4 Qxf4 26. Rxh5 Rxh5 27. Qxh5
Kg7 28. Rh1 Nf6 29. Qh3 Qxd4 30. Qh6+ Kg8 31. Qh8# 1-0

[Event "33rd Leon Blitz Open 2020"]
[Site "chess.com INT"]
[Date "2020.07.14"]
[Round "1"]
[White "Mrudul, Dehankar"]
[Black "Gukesh, D"]
[Result "0-1"]
[WhiteTitle "WIM"]
[BlackTitle "GM"]
[WhiteElo "2256"]
[BlackElo "2563"]
[WhiteFideId "25096990"]
[BlackFideId "46616543"]
[EventDate "2020.07.14"]
[EventType "blitz"]

1. d4 Nf6 2. Bf4 d5 3. e3 e6 4. Nf3 Bd6 5. Bg3 O-O 6. Bd3 c5 7. c3 Qc7 8. Ne5
Nc6 9. f4 Ne7 10. Nd2 Nf5 11. Bf2 Be7 12. Qf3 Nd6 13. g4 c4 14. Bc2 b5 15. g5
Nfe4 16. Qh3 b4 17. Nxe4 Nxe4 18. Bxe4 dxe4 19. O-O bxc3 20. bxc3 Rb8 21. Bg3
Qb7 22. Rf2 Qd5 23. Qf1 Ba6 24. Rb1 Rb7 25. Rfb2 Rfb8 26. Qe2 Ba3 27. Rxb7 Rxb7
28. Qc2 Bb5 29. Kg2 Bd6 0-1

[Event "33rd Leon Blitz Open 2020"]
[Site "chess.com INT"]
[Date "2020.07.14"]
[Round "1"]
[White "Asadli, Vugar"]
[Black "Elgersma, Onno"]
[Result "1-0"]
[WhiteTitle "GM"]
[BlackTitle "FM"]
[WhiteElo "2572"]
[BlackElo "2298"]
[WhiteFideId "13405764"]
[BlackFideId "1053531"]
[EventDate "2020.07.14"]
[EventType "blitz"]

1. e4 c6 2. Nf3 d5 3. exd5 cxd5 4. c4 Nf6 5. cxd5 g6 6. Nc3 Bg7 7. Bc4 O-O 8.
O-O Nbd7 9. d3 Nb6 10. Qb3 Bf5 11. Re1 Rc8 12. Be3 Nfd7 13. a4 Nc5 14. Bxc5 Rxc5
15. a5 Nd7 16. Qxb7 Rxa5 17. Nh4 Nc5 18. Qb4 Rxa1 19. Rxa1 Nxd3 20. Qb5 Ne5 21.
Nxf5 gxf5 22. Rxa7 Qb8 23. Rb7 Qd6 24. g3 Ng4 25. Be2 Nf6 26. Bf3 Qe5 27. Kg2
Ne4 28. Bxe4 fxe4 29. Qb4 e3 30. Rxe7 Qd4 31. Qxd4 Bxd4 32. fxe3 Bf6 33. Rb7 Rc8
34. Ne4 Bg7 35. Ng5 Rc2+ 36. Kf3 Rxb2 37. Rxb2 Bxb2 38. Ke4 Kf8 39. Kf5 h6 40.
Nf3 Ke7 41. e4 Kd6 42. g4 Bg7 43. g5 hxg5 44. Nxg5 Ke7 45. h4 Bh6 46. h5 Bg7 47.
Nf3 Kd6 48. Nh2 Ke7 49. Ng4 Bh8 50. e5 Kd7 51. Nf6+ Ke7 52. h6 Kf8 53. d6 Bxf6
54. Kxf6 Kg8 55. d7 Kh7 56. d8=Q 1-0

[Event "33rd Leon Blitz Open 2020"]
[Site "chess.com INT"]
[Date "2020.07.14"]
[Round "1"]
[White "Schrik, Rachid"]
[Black "Sengupta, Deep"]
[Result "0-1"]
[WhiteTitle "CM"]
[BlackTitle "GM"]
[WhiteElo "2198"]
[BlackElo "2527"]
[WhiteFideId "1009818"]
[BlackFideId "5008352"]
[EventDate "2020.07.14"]
[EventType "blitz"]

1. d4 e6 2. c4 b6 3. Nf3 Bb7 4. a3 f5 5. Nc3 Nf6 6. Bg5 Be7 7. e3 O-O 8. Be2 h6
9. Bxf6 Bxf6 10. O-O g5 11. Qc2 Bg7 12. Rfd1 Qe8 13. d5 e5 14. d6 c5 15. Nd5 Nc6
16. Nc7 Qg6 17. Nxa8 Bxa8 18. b4 e4 19. Ne1 Bxa1 20. Rxa1 Qxd6 21. Rd1 Qe7 22.
Qa4 d6 23. Nc2 Ne5 24. Qb3 f4 25. Bf1 Qf6 26. exf4 gxf4 27. Qh3 Kh8 28. Kh1 Rg8
29. bxc5 bxc5 30. a4 Ng4 31. Rd2 e3 32. Re2 Nxf2+ 33. Rxf2 exf2 34. Na3 Rxg2 35.
Qxg2 Bxg2+ 36. Kxg2 Qg7+ 0-1

[Event "33rd Leon Blitz Open 2020"]
[Site "chess.com INT"]
[Date "2020.07.14"]
[Round "1"]
[White "Primbetov, Kazbek"]
[Black "Babazada, Khazar"]
[Result "0-1"]
[WhiteTitle "FM"]
[BlackTitle "FM"]
[WhiteElo "2207"]
[BlackElo "2409"]
[WhiteFideId "13702297"]
[BlackFideId "13413554"]
[EventDate "2020.07.14"]
[EventType "blitz"]

1. d4 Nf6 2. c4 g6 3. Nc3 d5 4. cxd5 Nxd5 5. Bd2 Bg7 6. e4 Nxc3 7. Bxc3 c5 8. d5
Bxc3+ 9. bxc3 O-O 10. h4 h5 11. Qd2 Qd6 12. Nf3 Bg4 13. e5 Qc7 14. e6 fxe6 15.
Qg5 Rf6 16. Ne5 Bf5 17. f4 Nd7 18. Nf3 exd5 19. Bb5 Nf8 20. Ne5 Qa5 21. Be2
Qxc3+ 22. Kf2 Ne6 23. Qg3 Qd4+ 24. Ke1 Qxa1+ 25. Kf2 Qd4+ 26. Ke1 Nxf4 0-1

[Event "33rd Leon Blitz Open 2020"]
[Site "chess.com INT"]
[Date "2020.07.14"]
[Round "1"]
[White "Plenca, Jadranko"]
[Black "Schut, Han"]
[Result "1-0"]
[WhiteTitle "IM"]
[WhiteElo "2483"]
[BlackElo "2101"]
[WhiteFideId "14527146"]
[BlackFideId "1005561"]
[EventDate "2020.07.14"]
[EventType "blitz"]

1. e4 c5 2. Nf3 d6 3. Bb5+ Nd7 4. a4 a6 5. Be2 Ngf6 6. Nc3 g6 7. O-O Bg7 8. a5
O-O 9. Re1 Nb8 10. e5 Ne8 11. exd6 Nxd6 12. d4 cxd4 13. Nxd4 Bd7 14. Bf3 Nc6 15.
Nxc6 Bxc6 16. Bxc6 bxc6 17. Qf3 Nb5 18. Ne4 Rb8 19. c3 Qd5 20. Rd1 Qc4 21. Be3
e5 22. Nc5 f5 23. Nd7 e4 24. Qg3 Rbd8 25. Nxf8 Rxf8 26. Bf4 h6 27. h4 Kh7 28.
Rd7 Qe6 29. Rad1 Rf7 30. Rxf7 Qxf7 31. Be5 Bf8 32. Qe3 Nc7 33. Bxc7 Qxc7 34. Qb6
Qf4 35. Rd7+ Kg8 1-0

[Event "33rd Leon Blitz Open 2020"]
[Site "chess.com INT"]
[Date "2020.07.14"]
[Round "1"]
[White "Benaddi, Mouhcine"]
[Black "Diaz, Conrado"]
[Result "1-0"]
[WhiteTitle "CM"]
[WhiteElo "2111"]
[BlackElo "2273"]
[WhiteFideId "9001050"]
[BlackFideId "5207304"]
[EventDate "2020.07.14"]
[EventType "blitz"]

1. Nf3 d5 2. c4 c6 3. cxd5 cxd5 4. d4 Nf6 5. Nc3 Nc6 6. Bf4 Qb6 7. a3 e6 8. e3
a6 9. Bd3 Be7 10. O-O O-O 11. Qc2 h6 12. h3 Qd8 13. Rfc1 Bd6 14. Bxd6 Qxd6 15.
Na4 Nd7 16. b4 e5 17. Bh7+ Kh8 18. Bf5 e4 19. Bxd7 Bxd7 20. Nh2 Rac8 21. Nb6 Rc7
22. Qc5 Qxc5 23. Rxc5 Be6 24. Nxd5 Bxd5 25. Rxd5 Ne7 26. Rc5 Rd7 27. Rac1 Rfd8
28. Rc7 Nd5 29. Rxd7 Rxd7 30. Nf1 f5 31. Ng3 g6 32. Ne2 Kg7 33. Rc5 b6 34. Rc6
a5 35. b5 a4 36. h4 h5 37. g3 Kf7 38. Nf4 Nxf4 39. gxf4 Rb7 40. Kf1 Rb8 41. Ke2
Rd8 42. Kd2 Rxd4+ 43. exd4 1-0

[Event "33rd Leon Blitz Open 2020"]
[Site "chess.com INT"]
[Date "2020.07.14"]
[Round "1"]
[White "Idrisova, Roza"]
[Black "Matinian, Nikita"]
[Result "0-1"]
[WhiteTitle "WFM"]
[BlackTitle "GM"]
[WhiteElo "1960"]
[BlackElo "2475"]
[WhiteFideId "4146662"]
[BlackFideId "24129100"]
[EventDate "2020.07.14"]
[EventType "blitz"]

1. d4 Nf6 2. Nf3 g6 3. c4 Bg7 4. Nc3 d5 5. cxd5 Nxd5 6. e4 Nxc3 7. bxc3 c5 8.
Bb5+ Nd7 9. O-O O-O 10. Be3 Qa5 11. Qb3 Nf6 12. e5 Ng4 13. Bg5 Qc7 14. Rac1 a6
15. Be2 Be6 16. Bc4 Bxc4 17. Qxc4 Rac8 18. h3 Nh6 19. Rfe1 b5 20. Qb3 e6 21. Qb2
c4 22. Qd2 Nf5 23. Qe2 Ne7 24. Nd2 h6 25. Bf4 Nd5 26. Bg3 Qa5 27. Ne4 Qa3 28.
Qc2 b4 29. Nd6 Nxc3 30. Nxc8 Rxc8 31. Bf4 Nxa2 32. Ra1 b3 33. Qb1 c3 34. Bc1 Qa4
35. Re3 Qxd4 0-1

[Event "33rd Leon Blitz Open 2020"]
[Site "chess.com INT"]
[Date "2020.07.14"]
[Round "1"]
[White "Lintchevski, Daniil"]
[Black "Praveen, Kumar C"]
[Result "1-0"]
[WhiteTitle "GM"]
[BlackTitle "IM"]
[WhiteElo "2559"]
[BlackElo "2158"]
[WhiteFideId "4171055"]
[BlackFideId "5007372"]
[EventDate "2020.07.14"]
[EventType "blitz"]

1. e4 d6 2. d4 Nf6 3. Nc3 e5 4. dxe5 dxe5 5. Qxd8+ Kxd8 6. Nf3 Bd6 7. Be3 Ke7 8.
O-O-O Be6 9. Ng5 Nbd7 10. Nxe6 fxe6 11. f3 a6 12. Kb1 Rad8 13. Be2 Bc5 14. Bc1
Bd4 15. Bd2 b5 16. a3 c5 17. Na2 c4 18. Nb4 Nb8 19. Na2 Nc6 20. Nb4 Nxb4 21.
Bxb4+ Kf7 22. g3 g5 23. Ba5 Rd7 24. c3 Bc5 25. Rxd7+ Nxd7 26. Rd1 Ke7 27. Kc2 h5
28. h3 h4 29. g4 Rc8 30. a4 Nf8 31. b3 Bd6 32. bxc4 bxc4 33. Rb1 Ng6 34. Rb7+
Kf6 35. Rd7 Nf4 36. Bf1 Be7 37. Bb6 Rc6 38. a5 Bc5 39. Rb7 Bxb6 40. axb6 a5 41.
Rb8 Kg7 42. Bxc4 Nxh3 43. Bb5 Rc5 44. Bf1 Nf4 45. b7 1-0

[Event "33rd Leon Blitz Open 2020"]
[Site "chess.com INT"]
[Date "2020.07.14"]
[Round "1"]
[White "Parnali, S Dharia"]
[Black "Jakubowski, Krzysztof"]
[Result "0-1"]
[WhiteTitle "WIM"]
[BlackTitle "GM"]
[WhiteElo "2243"]
[BlackElo "2481"]
[WhiteFideId "5043131"]
[BlackFideId "1112848"]
[EventDate "2020.07.14"]
[EventType "blitz"]

1. d4 Nf6 2. c4 e6 3. g3 d5 4. Nf3 Bb4+ 5. Bd2 Be7 6. Bg2 O-O 7. Qc2 Nbd7 8. O-O
c6 9. Bf4 a5 10. Nbd2 Nh5 11. cxd5 exd5 12. e3 g5 13. Be5 f6 14. g4 fxe5 15.
gxh5 e4 16. Ne5 Nxe5 17. dxe5 g4 18. Rad1 Qe8 19. h6 Qh5 20. Nxe4 dxe4 21. Bxe4
Qxh6 22. Qc3 Be6 23. Bc2 Rf3 24. Bb3 Kh8 25. Rd4 Rh3 26. Bxe6 Rxh2 27. Bxg4 Rg8
28. f3 Qh3 29. Rd2 Qg3+ 0-1

[Event "33rd Leon Blitz Open 2020"]
[Site "chess.com INT"]
[Date "2020.07.14"]
[Round "1"]
[White "Bluebaum, Matthias"]
[Black "Baskin, Robert"]
[Result "1-0"]
[WhiteTitle "GM"]
[BlackTitle "IM"]
[WhiteElo "2647"]
[BlackElo "2390"]
[WhiteFideId "24651516"]
[BlackFideId "24662402"]
[EventDate "2020.07.14"]
[EventType "blitz"]

1. d4 Nf6 2. c4 e6 3. Nc3 Bb4 4. e3 O-O 5. Bd2 c5 6. a3 Bxc3 7. Bxc3 b6 8. Bd3
Bb7 9. Nf3 d6 10. b4 Nbd7 11. O-O Qe7 12. Qe2 Be4 13. Nd2 Bxd3 14. Qxd3 d5 15.
dxc5 bxc5 16. cxd5 Nxd5 17. b5 Nxc3 18. Qxc3 Nb6 19. a4 Rfd8 20. a5 Nd5 21. Qb2
Nb4 22. Nc4 Rab8 23. b6 axb6 24. axb6 Qh4 25. Qe2 Qe4 26. f3 Qc6 27. Rfd1 Nd5
28. Qb2 h6 29. e4 Nb4 30. Rxd8+ Rxd8 31. Qe5 Rd4 32. Qb8+ Kh7 33. Ne5 Qd6 34.
Qxd6 Rxd6 35. Nc4 Rd4 36. b7 Nc6 37. Ne5 Nb8 38. Ra8 Rd8 39. Nxf7 Rf8 40. Ne5
Rd8 41. h4 g5 42. Kh2 Kg7 43. Nc6 1-0

[Event "33rd Leon Blitz Open 2020"]
[Site "chess.com INT"]
[Date "2020.07.14"]
[Round "1"]
[White "Akshat, Khamparia"]
[Black "Harsha, Bharathakoti"]
[Result "0-1"]
[WhiteTitle "IM"]
[BlackTitle "GM"]
[WhiteElo "2406"]
[BlackElo "2509"]
[WhiteFideId "5016541"]
[BlackFideId "5078776"]
[EventDate "2020.07.14"]
[EventType "blitz"]

1. d4 d5 2. c4 e6 3. Nc3 c6 4. e4 dxe4 5. Nxe4 Bb4+ 6. Nc3 e5 7. Be3 exd4 8.
Qxd4 Qxd4 9. Bxd4 Nf6 10. Ne2 O-O 11. a3 Be7 12. f3 Na6 13. O-O-O Nc5 14. Kb1
Bf5+ 15. Ka2 Bc2 16. Re1 Bb3+ 17. Ka1 Nd3 18. Rb1 Bc2 19. Ng3 Bxb1 20. Kxb1 Nf4
21. Nf5 Rfe8 22. g3 Ne6 23. Nxe7+ Rxe7 24. Bf2 b6 25. Bg2 Rd8 26. f4 Ng4 27. Be1
Nd4 28. h3 Ne3 29. Be4 f5 30. Bd3 Nf3 31. Be2 Nxe1 32. Rxe1 Kf8 33. Bf3 Nxc4 34.
Rxe7 Kxe7 35. Bxc6 Rd2 36. Bd5 Ne3 37. Bg8 h6 38. Kc1 Rc2+ 39. Kb1 Rg2 0-1

[Event "33rd Leon Blitz Open 2020"]
[Site "chess.com INT"]
[Date "2020.07.14"]
[Round "1"]
[White "Stojanovski, Sandi"]
[Black "Garcia Cardenas, Pablo"]
[Result "0-1"]
[WhiteTitle "FM"]
[BlackTitle "IM"]
[WhiteElo "2232"]
[BlackElo "2422"]
[WhiteFideId "1403249"]
[BlackFideId "3406903"]
[EventDate "2020.07.14"]
[EventType "blitz"]

1. c4 e6 2. d4 d5 3. Nc3 Be7 4. Nf3 Nf6 5. Bg5 h6 6. Bxf6 Bxf6 7. e3 O-O 8. Bd3
c5 9. O-O cxd4 10. exd4 dxc4 11. Bxc4 Nd7 12. Qe2 Nb6 13. Bb3 Bd7 14. Ne5 Bc6
15. Nxc6 bxc6 16. Rfd1 Bxd4 17. Qe4 c5 18. Bc2 g6 19. Rd3 Nd5 20. Rg3 Qf6 21.
Rf3 Qe5 22. Qg4 Bxc3 23. bxc3 Rad8 24. Bxg6 fxg6 25. Qxg6+ Qg7 26. Qxe6+ Kh8 27.
Rg3 Qf6 28. Qxf6+ Nxf6 29. h4 Ne4 30. Re3 Nxf2 31. Rb1 Ng4 32. Rg3 h5 33. Rb7
Rd1# 0-1

[Event "33rd Leon Blitz Open 2020"]
[Site "chess.com INT"]
[Date "2020.07.14"]
[Round "1"]
[White "Shimanov, Aleksandr"]
[Black "Keosidi, Konstantin"]
[Result "1/2-1/2"]
[WhiteTitle "GM"]
[BlackTitle "FM"]
[WhiteElo "2593"]
[BlackElo "2404"]
[WhiteFideId "4198603"]
[BlackFideId "4175247"]
[EventDate "2020.07.14"]
[EventType "blitz"]

1. Nf3 Nf6 2. c4 e6 3. e3 d5 4. b3 Be7 5. Bb2 O-O 6. Nc3 c5 7. cxd5 Nxd5 8. h4
Bf6 9. Qc2 Nxc3 10. Bxc3 Bxc3 11. dxc3 Nd7 12. O-O-O Qe7 13. Ng5 Nf6 14. Bd3 h6
15. Nh7 Nxh7 16. Bxh7+ Kh8 17. Be4 f5 18. Bf3 e5 19. Bd5 Be6 20. c4 Rad8 21. Kb1
b6 22. f3 Qf7 23. e4 f4 24. Bxe6 Rxd1+ 25. Rxd1 Qxe6 26. Rd5 Qe7 27. Qf2 Re8 28.
Kc2 Kh7 29. Qe1 Rc8 30. Qc3 Re8 31. Qe1 Rc8 32. Qd2 Re8 33. Rd7 Qxh4 34. Rxa7
Rd8 35. Qe2 Qh1 36. Kb2 Qg1 37. Ka3 Qe3 38. Qb2 Qd2 39. Qxe5 Qb4+ 40. Kb2 Qd2+
41. Ka3 Qb4+ 42. Kb2 Qd2+ 43. Ka3 1/2-1/2

[Event "33rd Leon Blitz Open 2020"]
[Site "chess.com INT"]
[Date "2020.07.14"]
[Round "1"]
[White "Rojas Salas, Steven"]
[Black "Pichot, Alan"]
[Result "0-1"]
[WhiteTitle "FM"]
[BlackTitle "GM"]
[WhiteElo "2194"]
[BlackElo "2630"]
[WhiteFideId "3819434"]
[BlackFideId "110973"]
[EventDate "2020.07.14"]
[EventType "blitz"]

1. c4 Nf6 2. Nc3 e6 3. e4 d5 4. e5 d4 5. exf6 dxc3 6. bxc3 Qxf6 7. Nf3 b6 8. d4
Bb7 9. Bd3 h6 10. Qe2 Bxf3 11. gxf3 Nd7 12. Be4 Rd8 13. h4 Bd6 14. Bc2 c5 15.
Be3 cxd4 16. Bxd4 Be5 17. O-O-O Bxd4 18. Rxd4 Nc5 19. Rhd1 O-O 20. Qe3 Rxd4 21.
cxd4 Nd7 22. Qe4 g6 23. Rg1 h5 24. f4 Rd8 25. Rg5 Nf8 26. d5 exd5 27. cxd5 Nd7
28. f5 Qa1+ 29. Kd2 Nf6 30. Qe7 Rxd5+ 31. Bd3 Qb2+ 32. Ke1 Re5+ 33. Qxe5 Qxe5+ 0-1

[Event "33rd Leon Blitz Open 2020"]
[Site "chess.com INT"]
[Date "2020.07.14"]
[Round "1"]
[White "Le Goff, Ronan"]
[Black "Salinas Herrera, Pablo"]
[Result "0-1"]
[WhiteTitle "FM"]
[BlackTitle "GM"]
[WhiteElo "2267"]
[BlackElo "2514"]
[WhiteFideId "612073"]
[BlackFideId "3407128"]
[EventDate "2020.07.14"]
[EventType "blitz"]

1. d4 d5 2. Nf3 Nf6 3. e3 c6 4. c4 Bf5 5. Bd3 Bxd3 6. Qxd3 e6 7. O-O Nbd7 8. Nc3
Bb4 9. Ne2 O-O 10. cxd5 exd5 11. Qb3 Qb6 12. Nf4 Bd6 13. Nd3 Rfe8 14. Bd2 Ne4
15. Rfd1 Ndf6 16. Be1 Re7 17. Bb4 Rae8 18. Bxd6 Nxd6 19. Nfe5 Nfe4 20. Rac1 f6
21. Nf3 Nc4 22. Qxb6 axb6 23. b3 Ncd6 24. a4 Ra8 25. Nd2 Ng5 26. h4 Ne6 27. g3
Kf7 28. Kg2 Nc7 29. Nf4 Na6 30. h5 Nb4 31. Nf3 b5 32. axb5 Nxb5 33. Nh4 Ree8 34.
Nf5 Ra2 35. Nd3 Nxd3 36. Rxd3 g6 37. hxg6+ hxg6 38. Nh4 Rea8 39. Kf3 Rb2 40. Ng2
Raa2 41. Rf1 g5 42. Ne1 Nd6 43. Rh1 Kg7 44. Kg4 Ne4 0-1

[Event "33rd Leon Blitz Open 2020"]
[Site "chess.com INT"]
[Date "2020.07.14"]
[Round "1"]
[White "Nikitenko, Mihail"]
[Black "Degenbaev, Aziz"]
[Result "1-0"]
[WhiteTitle "IM"]
[WhiteElo "2436"]
[BlackElo "1816"]
[WhiteFideId "13506862"]
[BlackFideId "13802640"]
[EventDate "2020.07.14"]
[EventType "blitz"]

1. e4 e6 2. d4 d5 3. Nd2 Nc6 4. Ngf3 Nf6 5. e5 Nd7 6. Bd3 f6 7. exf6 Qxf6 8. Nf1
e5 9. Ne3 exd4 10. Nxd5 Qe6+ 11. Qe2 Qxe2+ 12. Bxe2 Bd6 13. Bf4 Bxf4 14. Nxf4
Nb6 15. O-O-O O-O 16. g3 Bg4 17. Nxd4 Bxe2 18. Ndxe2 g5 19. Nd3 Rae8 20. Rhe1
Rf7 21. f4 h6 22. Nc3 Rfe7 23. fxg5 hxg5 24. Rxe7 Rxe7 25. Nc5 Rh7 26. Rd2 Ne5
27. N3e4 Rg7 28. Ne6 Re7 29. N6xg5 Kg7 30. h4 Nbc4 31. Re2 Ng4 32. b3 Nd6 33.
Kd2 Nf5 34. Kc3 Nf6 35. Rf2 Nxe4+ 36. Nxe4 Ne3 37. Kd3 Ng4 38. Rf4 Ne5+ 39. Ke3
Ng6 40. Rf5 Kh6 41. h5 Ne5 42. Kf4 1-0

[Event "33rd Leon Blitz Open 2020"]
[Site "chess.com INT"]
[Date "2020.07.14"]
[Round "1"]
[White "Galiana Salom, Juan Ramon"]
[Black "Ermakov, Evgeny"]
[Result "0-1"]
[WhiteTitle "FM"]
[BlackTitle "IM"]
[WhiteElo "2248"]
[BlackElo "2513"]
[WhiteFideId "2203081"]
[BlackFideId "4129954"]
[EventDate "2020.07.14"]
[EventType "blitz"]

1. e4 e5 2. Nf3 Nc6 3. Bb5 Nf6 4. Qe2 Bc5 5. c3 O-O 6. O-O d6 7. Rd1 a6 8. Ba4
b5 9. Bb3 Bb7 10. d4 Bb6 11. Bg5 h6 12. Bh4 g5 13. dxe5 Nxe5 14. Nxe5 gxh4 15.
Ng4 Nxe4 16. Nxh6+ Kg7 17. Nf5+ Kg8 18. Nh6+ Kh7 19. Qh5 Qg5 20. Qxg5 Nxg5 21.
Nf5 Ne4 22. Bc2 Nxf2 23. Nd4+ Ne4 24. Nd2 d5 25. Rf1 f5 26. Nf3 f4 27. Kh1 h3
28. Ng5+ Kg8 29. Nxh3 Rae8 30. Rxf4 Rxf4 31. Nxf4 c5 32. Nf3 b4 33. cxb4 cxb4
34. h3 Bc7 35. Nh5 Nf2+ 36. Kg1 Re2 37. Nd4 Rd2 38. Nf6+ Kf7 39. Nh7 Rxd4 40.
Rf1 Bg3 41. Ng5+ Ke7 42. Nf3 Re4 43. Bxe4 Nxe4 44. Nd4 Be5 45. Nf5+ Ke6 46. g4
Bxb2 47. h4 d4 48. h5 d3 49. Rd1 d2 50. h6 Bd5 51. Ne3 Bd4 52. Kg2 Bxe3 53. h7
Bd4 0-1

[Event "33rd Leon Blitz Open 2020"]
[Site "chess.com INT"]
[Date "2020.07.14"]
[Round "1"]
[White "Djukic, Nikola"]
[Black "Flores Quillas, Diego Saul Rodri"]
[Result "1-0"]
[WhiteTitle "GM"]
[BlackTitle "FM"]
[WhiteElo "2525"]
[BlackElo "2245"]
[WhiteFideId "922412"]
[BlackFideId "3822508"]
[EventDate "2020.07.14"]
[EventType "blitz"]

1. e4 c5 2. Nf3 e6 3. d4 cxd4 4. Nxd4 Nf6 5. Nc3 d6 6. g4 h6 7. h3 Nc6 8. Be3 g5
9. Bg2 Ne5 10. Qe2 Ng6 11. O-O-O a6 12. Kb1 Qc7 13. Qd2 Be7 14. Nde2 Bd7 15. f4
gxf4 16. Nxf4 Ne5 17. Qf2 b5 18. Nce2 Rc8 19. Ng3 Bc6 20. Nfh5 Nfd7 21. Ng7+ Kd8
22. Rhf1 Bh4 23. N7h5 Bb7 24. Bd4 Rg8 25. c3 Qc6 26. Qd2 Bg5 27. Be3 Nc4 28.
Bxg5+ hxg5 29. Qf2 Nde5 30. Nf6 Rg6 31. Ne2 Ke7 32. Nd4 Qb6 33. b3 Na3+ 34. Kb2
Qa5 35. Rc1 Nd3+ 36. Ka1 Nxf2 37. Rxf2 Rxc3 38. Re1 Qb6 39. Rd1 Kd8 40. Nh5 Qc5
41. Kb2 f6 42. Rfd2 Kc7 43. Nxe6+ Kb6 44. Nxc5 Rxc5 1-0

[Event "33rd Leon Blitz Open 2020"]
[Site "chess.com INT"]
[Date "2020.07.14"]
[Round "1"]
[White "Sevian, Samuel"]
[Black "Leiva, Giuseppe"]
[Result "1-0"]
[WhiteTitle "GM"]
[BlackTitle "IM"]
[WhiteElo "2660"]
[BlackElo "2391"]
[WhiteFideId "2040506"]
[BlackFideId "3804399"]
[EventDate "2020.07.14"]
[EventType "blitz"]

1. d4 Nf6 2. c4 e6 3. Nf3 b6 4. g3 Bb7 5. Bg2 Bb4+ 6. Bd2 c5 7. Bxb4 cxb4 8. O-O
O-O 9. a3 bxa3 10. Rxa3 Qe7 11. Nc3 Rc8 12. Nd2 Bxg2 13. Kxg2 d6 14. e3 Nc6 15.
Qe2 Nb4 16. Na2 Qb7+ 17. Qf3 Qxf3+ 18. Kxf3 Nc6 19. Ra1 a5 20. Nc1 Nb4 21. Rc3
Ra7 22. Nd3 Nxd3 23. Rxd3 Rac7 24. Rb3 Nd7 25. Rb5 Kf8 26. b4 axb4 27. Rxb4 Ke7
28. Ke2 Rb8 29. Kd3 Rbb7 30. Nb1 Ra7 31. Rba4 Rxa4 32. Rxa4 d5 33. cxd5 exd5 34.
Nc3 Ke6 35. Ra8 Rc4 36. Nxd5 Rc1 37. Nc3 Rh1 38. h4 h5 39. Rc8 f6 40. Rc6+ Ke7
41. Nd5+ Kd8 42. Nxb6 Nxb6 43. Rxb6 g5 44. Rxf6 gxh4 45. gxh4 Rxh4 46. f4 Rh1
47. Rh6 Ke7 48. Ke4 h4 49. Ke5 h3 50. e4 h2 51. d5 Kf8 52. d6 Kg7 53. Rh3 Kf7
54. f5 Ke8 55. Ke6 Kf8 56. e5 Kg7 57. d7 1-0

[Event "33rd Leon Blitz Open 2020"]
[Site "chess.com INT"]
[Date "2020.07.14"]
[Round "1"]
[White "Shashikant, Kutwal"]
[Black "Tsvetkov, Andrey"]
[Result "0-1"]
[WhiteTitle "IM"]
[BlackTitle "FM"]
[WhiteElo "2182"]
[BlackElo "2358"]
[WhiteFideId "5006520"]
[BlackFideId "34139360"]
[EventDate "2020.07.14"]
[EventType "blitz"]

1. e4 c5 2. Nf3 d6 3. d4 cxd4 4. Nxd4 Nf6 5. f3 e5 6. Nb3 a5 7. Bb5+ Nbd7 8. Nc3
Be7 9. Be3 O-O 10. Qd2 Nb6 11. a4 Be6 12. Qf2 Nc4 13. Bxc4 Bxc4 14. Bb6 Qd7 15.
Nxa5 Be6 16. O-O d5 17. exd5 Nxd5 18. Rad1 Nxb6 19. Rxd7 Nxd7 20. Nxb7 Rfb8 21.
Qd2 Rxb7 22. b3 Bb4 23. Qd3 Nc5 24. Qe3 Rc8 25. Kh1 Nxb3 26. cxb3 Bxc3 27. Rc1
Rbc7 28. Qe4 Bxb3 29. h4 h6 30. Kh2 Rc4 31. Qf5 Bxa4 32. Qd7 0-1

[Event "33rd Leon Blitz Open 2020"]
[Site "chess.com INT"]
[Date "2020.07.14"]
[Round "1"]
[White "Balabayeva, Xeniya"]
[Black "Aitbayev, Aslan"]
[Result "0-1"]
[WhiteTitle "WFM"]
[BlackTitle "IM"]
[WhiteElo "2146"]
[BlackElo "2457"]
[WhiteFideId "13719688"]
[BlackFideId "13704613"]
[EventDate "2020.07.14"]
[EventType "blitz"]

1. e4 d6 2. d4 Nf6 3. Nc3 g6 4. Nf3 Bg7 5. Be3 a6 6. a4 O-O 7. Bd3 Nc6 8. h3 e5
9. Qd2 exd4 10. Nxd4 Re8 11. Nxc6 bxc6 12. O-O Rb8 13. Rab1 d5 14. exd5 cxd5 15.
Bd4 Qd6 16. Rfd1 c5 17. Bxf6 Bxf6 18. Bc4 d4 19. Ne2 Bb7 20. c3 Qc6 21. f3 Qxa4
22. b3 Qd7 23. cxd4 cxd4 24. Qd3 Rbd8 25. Ra1 Qe7 26. Re1 Qc5 27. Bxa6 Bxa6 28.
Rxa6 Re3 29. Rc1 Qe5 0-1

[Event "33rd Leon Blitz Open 2020"]
[Site "chess.com INT"]
[Date "2020.07.14"]
[Round "1"]
[White "Volkov, Maksim"]
[Black "Adhiban, Baskaran"]
[Result "0-1"]
[WhiteTitle "CM"]
[BlackTitle "GM"]
[WhiteElo "2163"]
[BlackElo "2659"]
[WhiteFideId "54123070"]
[BlackFideId "5018471"]
[EventDate "2020.07.14"]
[EventType "blitz"]

1. Nf3 g6 2. c4 Bg7 3. g3 c5 4. d4 cxd4 5. Nxd4 Nc6 6. Nc2 d6 7. Bg2 Be6 8. Ne3
Qd7 9. Nc3 h5 10. h4 Nf6 11. O-O O-O 12. Rb1 Ng4 13. Ncd5 Rab8 14. b4 Rfc8 15.
Bb2 Bxb2 16. Rxb2 Nce5 17. Nxg4 Bxg4 18. c5 dxc5 19. bxc5 Rxc5 20. Qd4 Qd6 21.
Rd1 b6 22. Qa4 Ra5 23. Qf4 Kg7 24. Rbd2 Re8 25. Be4 Bc8 26. Bg2 Rf8 27. Qd4 f6
28. Qe4 Bb7 29. Nxe7 Qxd2 30. Rxd2 Bxe4 31. Bxe4 Rf7 32. Nc8 Rd7 33. Rc2 f5 34.
Bg2 Rc5 35. Rxc5 bxc5 0-1